| 000 | 00600nam a2200193Ia 4500 | ||
|---|---|---|---|
| 003 | GCL | ||
| 008 | 140319s9999 xx 000 0 ara d | ||
| 040 |
_aGCL / _cGCL |
||
| 082 | 0 | 4 |
_a327.953 _bا م |
| 100 | 1 | _aرمزى زكى | |
| 245 | 1 | 0 |
_aالمشروع القومى العربى : خيارات التعامل مع الازمة / _cرمزى زكى |
| 700 | 1 | _aاحمد يوسف | |
| 700 | 1 | _aمحمد جابر الانصارى | |
| 700 | 1 | _aمحمود عبدالفضيل | |
| 700 | 1 | _aمحمد السيد سعيد | |
| 700 | 1 | _aكريم مروة | |
| 300 | _a127 | ||
| 490 |
_a100 قصة _v0 |
||
| 999 |
_c43389 _d43389 |
||